[Event "EU-ch (Women) 24th"]
[Site "Rhodes"]
[Date "2024.04.19"]
[Round "1"]
[White "Zhukova, Natalia"]
[Black "Kordzadze, Nino"]
[Result "1-0"]
[WhiteElo "2301"]
[BlackElo "1976"]
[PlyCount "59"]
[EventDate "2024.04.19"]
[EventType "swiss"]
[EventRounds "10"]
[EventCountry "GRE"]
[SourceTitle "CB18_2024"]
[SourceDate "2024.05.01"]
[SourceVersion "1"]
[SourceVersionDate "2024.05.01"]
[SourceQuality "2"]

1. c4 e6 2. Nc3 d5 3. d4 Nf6 4. Nf3 Be7 5. e3 0-0 6. Bd3 dxc4 7. Bxc4 c5 8. 0-0 Nbd7 9. Qe2 Nb6 10. Bb3 Bd7 11. Rd1 Qc7 12. e4 cxd4 13. Nxd4 Qe5 14. Nf3 Qh5 15. e5 Ne8 16. Be3 Bc6 17. Bxb6 axb6 18. Nd4 Qxe2 19. Ncxe2 Ba4 20. Nc3 Bc6 21. Nxc6 bxc6 22. Rd7 Bb4 23. Ne4 Ra5 24. f4 Bc5+ 25. Kf1 Be3 26. g3 c5 27. Rad1 Bd4 28. Rd2 h5 29. Ng5 f6 30. Nxe6 1-0

[Event "AUT-chT (Women) 2324"]
[Site "Austria"]
[Date "2024.04.12"]
[Round "7.4"]
[White "Exler, Veronika"]
[Black "Kordzadze, Nino"]
[Result "1-0"]
[WhiteElo "2171"]
[BlackElo "1976"]
[PlyCount "117"]
[EventDate "2023.11.24"]
[EventType "team-tourn"]
[EventRounds "9"]
[EventCountry "AUT"]
[SourceTitle "CB16_2024"]
[SourceDate "2024.04.17"]
[SourceVersion "1"]
[SourceVersionDate "2024.04.17"]
[SourceQuality "1"]
[WhiteTeam "Wulkaprodersdorf (W)"]
[BlackTeam "Baden (W)"]
[WhiteTeamCountry "AUT"]
[BlackTeamCountry "AUT"]

1. e4 e6 2. d4 d5 3. Bd3 dxe4 4. Bxe4 Nf6 5. Bf3 c5 6. Ne2 Be7 7. Be3 0-0 8. dxc5 Qxd1+ 9. Kxd1 e5 10. Nbc3 Nc6 11. a3 a5 12. Kc1 Rd8 13. Rd1 Rxd1+ 14. Kxd1 Be6 15. Ke1 Bf5 16. Bxc6 bxc6 17. Rc1 Ng4 18. Ng3 Bg6 19. Nge4 f5 20. Bg5 Bf8 21. Nd6 a4 22. h3 Nf6 23. Bxf6 gxf6 24. Rd1 f4 25. Nce4 Be7 26. f3 f5 27. Nf2 Ra5 28. Nd3 e4 29. Nxf4 Rxc5 30. Nxg6 hxg6 31. c3 exf3 32. gxf3 Bg5 33. Kf1 Bh4 34. Rd4 Bg3 35. Nb7 Re5 36. Kg2 f4 37. Re4 Rd5 38. Re2 Bh4 39. c4 Rd4 40. Na5 Kg7 41. Rc2 c5 42. b4 cxb4 43. axb4 a3 44. b5 Be1 45. Nb3 Rd3 46. Nc1 Rd2+ 47. Rxd2 Bxd2 48. Na2 Be3 49. Kf1 Kf6 50. Ke2 Ke5 51. Kd3 Bc5 52. Kc3 g5 53. Nc1 Bd4+ 54. Kb3 Bb6 55. Ne2 Bc5 56. Ka2 Bb4 57. b6 Kd6 58. Nd4 Ba5 59. b7 1-0

[Event "AUT-ch"]
[Site "Vienna"]
[Date "2023.07.22"]
[Round "1"]
[White "Kordzadze, Nino"]
[Black "Schroll, Gerhard"]
[Result "0-1"]
[WhiteElo "1966"]
[BlackElo "2242"]
[PlyCount "136"]
[EventDate "2023.07.22"]
[EventType "swiss"]
[EventRounds "9"]
[EventCountry "AUT"]
[SourceTitle "CBM 215 Extra"]
[Source "ChessBase"]
[SourceDate "2023.09.30"]
[SourceVersion "1"]
[SourceVersionDate "2023.09.30"]
[SourceQuality "1"]

1. d4 d6 2. c4 e5 3. dxe5 dxe5 4. Qxd8+ Kxd8 5. Nf3 f6 6. e3 Be6 7. Be2 Nd7 8. 0-0 c6 9. Bd2 a5 10. Nc3 Nc5 11. Ne1 Nh6 12. e4 Nf7 13. Be3 Kc7 14. Nd3 Nxd3 15. Bxd3 b6 16. Rac1 c5 17. Nd5+ Kb7 18. a3 Bd6 19. b4 axb4 20. axb4 Ra3 21. Rfd1 Rc8 22. bxc5 Bxc5 23. Rb1 Bxd5 24. Bxc5 Rxc5 25. cxd5 Nd6 26. f3 b5 27. Bf1 Kb6 28. Rb4 Ka5 29. Rdb1 Ra2 30. R4b3 g6 31. Bd3 f5 32. g3 Ra4 33. Re1 b4 34. exf5 gxf5 35. Rxe5 Ra3 36. Rxa3+ bxa3 37. Re1 Kb4 38. Bb1 Rxd5 39. Ba2 Rd2 40. Bg8 Nc4 41. Rc1 Rd4 42. Rb1+ Kc3 43. Rc1+ Kb3 44. Bxh7 Kb2 45. Re1 a2 46. Bxf5 Rd5 47. g4 Re5 48. Be4 Nd2 49. Kg2 Nxe4 50. Re2+ Kb1 51. fxe4 a1Q 52. Re1+ Kb2 53. Rxa1 Kxa1 54. Kf3 Kb2 55. Kf4 Re8 56. h4 Kc3 57. h5 Kd4 58. g5 Rf8+ 59. Kg4 Kxe4 60. g6 Rf1 61. Kg5 Ke5 62. Kh6 Kf6 63. Kh7 Rg1 64. Kg8 Rg5 65. Kf8 Ra5 66. Kg8 Rxh5 67. g7 Rg5 68. Kh8 Kf7 0-1

[Event "EU-ch (Women) 22nd"]
[Site "Prague"]
[Date "2022.08.31"]
[Round "11"]
[White "Kordzadze, Nino"]
[Black "Soares, Sara Joana de Moura"]
[Result "1-0"]
[WhiteElo "1993"]
[BlackElo "1648"]
[PlyCount "55"]
[EventDate "2022.08.20"]
[EventType "swiss"]
[EventRounds "11"]
[EventCountry "CZE"]
[SourceTitle "CBM 209 Extra"]
[Source "ChessBase"]
[SourceDate "2022.09.30"]
[SourceVersion "1"]
[SourceVersionDate "2022.09.30"]
[SourceQuality "1"]

1. Nf3 Nf6 2. d4 d5 3. b3 e6 4. Bb2 Be7 5. e3 0-0 6. Bd3 Nbd7 7. 0-0 c5 8. Nbd2 b6 9. Ne5 Bb7 10. f4 Rc8 11. Qe2 Rc7 12. a4 cxd4 13. exd4 Rc8 14. Rae1 Re8 15. Rf3 Qc7 16. Rh3 g6 17. c3 Nh5 18. Rxh5 gxh5 19. Qxh5 Nf8 20. Bxh7+ Kh8 21. Bd3+ Kg7 22. Qxf7+ Kh8 23. Re3 Bh4 24. Qh5+ Nh7 25. Qxh4 Rg8 26. Bxh7 Qxh7 27. Nf7+ Kg7 28. Rg3+ 1-0

[Event "EU-ch (Women) 22nd"]
[Site "Prague"]
[Date "2022.08.20"]
[Round "1"]
[White "Kordzadze, Nino"]
[Black "Rudzinska, Michalina"]
[Result "0-1"]
[WhiteElo "1993"]
[BlackElo "2287"]
[PlyCount "60"]
[EventDate "2022.08.20"]
[EventType "swiss"]
[EventRounds "11"]
[EventCountry "CZE"]
[SourceTitle "CBM 209 Extra"]
[Source "ChessBase"]
[SourceDate "2022.09.30"]
[SourceVersion "1"]
[SourceVersionDate "2022.09.30"]
[SourceQuality "1"]

1. c4 Nf6 2. g3 e6 3. Bg2 d5 4. Nf3 dxc4 5. Qa4+ Bd7 6. Qxc4 c5 7. Ne5 Qc8 8. Nxd7 Qxd7 9. Nc3 Nc6 10. 0-0 Rc8 11. d3 Be7 12. Be3 Nd4 13. a4 Nc2 14. Rac1 Nxe3 15. fxe3 h5 16. Qb5 b6 17. Bb7 Rc7 18. Bf3 Kf8 19. Qa6 Nd5 20. Nb5 Nb4 21. Nxc7 Nxa6 22. Nxa6 h4 23. b4 hxg3 24. bxc5 Bg5 25. hxg3 Bxe3+ 26. Kg2 Bxc1 27. c6 Qc8 28. Rxc1 Qxa6 29. c7 Ke7 30. a5 Rc8 0-1

[Event "AUT-ch"]
[Site "Vienna"]
[Date "2022.08.17"]
[Round "7"]
[White "Kordzadze, Nino"]
[Black "Weichhart, Daniel"]
[Result "0-1"]
[WhiteElo "1993"]
[BlackElo "1949"]
[PlyCount "58"]
[EventDate "2022.08.12"]
[EventType "swiss"]
[EventRounds "9"]
[EventCountry "AUT"]
[SourceTitle "CBM 209 Extra"]
[Source "ChessBase"]
[SourceDate "2022.09.30"]
[SourceVersion "1"]
[SourceVersionDate "2022.09.30"]
[SourceQuality "1"]

1. c4 c6 2. g3 d5 3. Bg2 e5 4. cxd5 cxd5 5. d4 e4 6. Nc3 Nc6 7. a3 h6 8. h4 Nf6 9. Nh3 Qb6 10. 0-0 Qxd4 11. Bf4 Be6 12. Qb3 0-0-0 13. Nb5 Qb6 14. Bc7 Qa6 15. Bxd8 Kxd8 16. a4 Qb6 17. Qc2 a6 18. Na3 Nd4 19. Qd1 Qxb2 20. Rb1 Nxe2+ 21. Kh1 Nxg3+ 22. fxg3 Qxa3 23. Rxb7 Qxg3 24. Rb3 Qe5 25. Nf4 Bd6 26. Qd2 d4 27. Rb7 Nh5 28. Rc1 Qxf4 29. Qa5+ Ke8 0-1

[Event "AUT-chT2 (Women) 2122"]
[Site "Austria"]
[Date "2022.02.12"]
[Round "3.1"]
[White "Stadlinger, Lea"]
[Black "Kordzadze, Nino"]
[Result "1-0"]
[WhiteElo "1753"]
[BlackElo "2053"]
[PlyCount "101"]
[EventDate "2021.10.17"]
[EventType "team-tourn"]
[EventRounds "7"]
[EventCountry "AUT"]
[SourceTitle "EXT 2024"]
[Source "ChessBase"]
[SourceDate "2023.10.10"]
[SourceVersion "1"]
[SourceVersionDate "2023.10.10"]
[SourceQuality "1"]
[WhiteTeam "Wien KJSV (W)"]
[BlackTeam "Baden (W) II"]
[WhiteTeamCountry "AUT"]
[BlackTeamCountry "AUT"]

1. e4 e6 2. d4 d5 3. Nc3 Bb4 4. e5 Ne7 5. a3 Bxc3+ 6. bxc3 c5 7. Qg4 Qc7 8. Qxg7 Rg8 9. Qxh7 cxd4 10. Ne2 dxc3 11. f4 Nbc6 12. Qd3 d4 13. Nxd4 Nxd4 14. Qxd4 Qc6 15. Rg1 Nf5 16. Qc4 Bd7 17. Qxc6 Bxc6 18. Kf2 0-0-0 19. g3 Be4 20. Be3 Kb8 21. Rc1 Nd4 22. Bd3 Bc6 23. Bxd4 Rxd4 24. Rb1 Rd5 25. Ke3 b6 26. Be4 Rc5 27. Bxc6 Rxc6 28. Rgd1 Rh8 29. h4 Rg8 30. Kf3 f6 31. exf6 Rf8 32. Rd3 Rxf6 33. Rb3 Rc4 34. Rbxc3 Ra4 35. Re3 Kb7 36. Re4 Ra5 37. g4 e5 38. f5 Rd5 39. Rce3 Rfd6 40. Rxe5 Rd1 41. Kf4 R6d2 42. f6 Rxc2 43. f7 Rf2+ 44. Rf3 Rxf3+ 45. Kxf3 Rf1+ 46. Kg3 Rxf7 47. h5 Kc7 48. g5 Kd6 49. Re3 Rf1 50. Kg4 Rg1+ 51. Kf5 1-0

[Event "AUT-ch Vor1 Internet (Women)"]
[Site "Playchess.com INT"]
[Date "2020.05.30"]
[Round "9"]
[White "Kordzadze, Nino"]
[Black "Katter, Katharina"]
[Result "0-1"]
[WhiteElo "2015"]
[BlackElo "1930"]
[PlyCount "152"]
[EventDate "2020.05.30"]
[EventType "swiss (blitz)"]
[EventRounds "9"]
[EventCountry "AUT"]
[SourceTitle "CBM 196 Extra"]
[Source "ChessBase"]
[SourceDate "2020.07.31"]
[SourceVersion "1"]
[SourceVersionDate "2020.07.31"]
[SourceQuality "1"]

1. d4 Nf6 2. Nf3 g6 3. g3 Bg7 4. Bg2 d6 5. 0-0 0-0 6. c4 Nc6 7. Nc3 e5 8. d5 Nb8 9. e4 a5 10. Bg5 h6 11. Be3 Na6 12. h3 Nd7 13. Qd2 Kh7 14. Nh2 Nac5 15. g4 Qh4 16. g5 f5 17. gxh6 Bxh6 18. Bxh6 Qxh6 19. Qxh6+ Kxh6 20. exf5 gxf5 21. Nb5 Na6 22. Nf3 Rg8 23. Kh2 f4 24. Nd2 Nf6 25. Ne4 Nxe4 26. Bxe4 Bd7 27. Rg1 Bxb5 28. cxb5 Nc5 29. Bf5 Raf8 30. Bg4 Nd3 31. Rgf1 Nxb2 32. Rac1 Rg7 33. b6 cxb6 34. Rc2 Na4 35. Rc4 b5 36. Rc2 Nc5 37. a3 b4 38. axb4 axb4 39. Rc4 b3 40. Rb4 Ra8 41. Rb6 Rg6 42. Bf5 Rf6 43. Bg4 Ra2 44. Bd1 Ra1 45. Be2 Rxf1 46. Bxf1 Kg5 47. Bc4 Kf5 48. Bxb3 Nxb3 49. Rxb3 Rf7 50. Rb6 Rd7 51. Kg2 Ke4 52. Rb5 f3+ 53. Kf1 Rc7 54. Rb4+ Kf5 55. Rb1 e4 56. Kg1 Ke5 57. Kh2 Kxd5 58. Kg3 Ke5 59. h4 d5 60. h5 Rg7+ 61. Kh4 Kf4 62. Rb5 d4 63. Rd5 Rg1 64. Rf5+ Kxf5 65. Kh3 Rh1+ 66. Kg3 Rg1+ 67. Kh2 Rg7 68. h6 Rh7 69. Kg3 Kg5 70. Kh3 Rxh6+ 71. Kg3 Rf6 72. Kh3 e3 73. Kg3 e2 74. Kh2 e1Q 75. Kg3 Qg1+ 76. Kh3 Rh6# 0-1

[Event "AUT-ch Vor1 Internet (Women)"]
[Site "Playchess.com INT"]
[Date "2020.05.30"]
[Round "8"]
[White "Ragger, Anna Christina"]
[Black "Kordzadze, Nino"]
[Result "1-0"]
[WhiteElo "2204"]
[BlackElo "2015"]
[PlyCount "75"]
[EventDate "2020.05.30"]
[EventType "swiss (blitz)"]
[EventRounds "9"]
[EventCountry "AUT"]
[SourceTitle "CBM 196 Extra"]
[Source "ChessBase"]
[SourceDate "2020.07.31"]
[SourceVersion "1"]
[SourceVersionDate "2020.07.31"]
[SourceQuality "1"]

1. d4 e6 2. e4 d5 3. Nd2 Nf6 4. e5 Nfd7 5. f4 c5 6. c3 Nc6 7. Ndf3 Be7 8. a3 f6 9. Bd3 fxe5 10. Nxe5 Ndxe5 11. fxe5 g6 12. Nf3 0-0 13. 0-0 cxd4 14. cxd4 Qb6 15. Kh1 Bd7 16. b4 Nxd4 17. Be3 Qd8 18. Bxd4 Rc8 19. Rc1 Bg5 20. Rxc8 Bxc8 21. Nxg5 Qxg5 22. Rxf8+ Kxf8 23. h3 Kg7 24. Qf3 b6 25. Qf6+ Qxf6 26. exf6+ Kf7 27. Be5 Bd7 28. g4 Ba4 29. g5 Bd1 30. h4 Bf3+ 31. Kg1 a5 32. bxa5 bxa5 33. a4 Bd1 34. Bb5 Bb3 35. Kf2 Bc2 36. Ke3 Bb3 37. Bc7 Bc2 38. Bxa5 1-0

[Event "AUT-ch Vor1 Internet (Women)"]
[Site "Playchess.com INT"]
[Date "2020.05.30"]
[Round "7"]
[White "Teuschler, Barbara"]
[Black "Kordzadze, Nino"]
[Result "0-1"]
[WhiteElo "2120"]
[BlackElo "2015"]
[PlyCount "46"]
[EventDate "2020.05.30"]
[EventType "swiss (blitz)"]
[EventRounds "9"]
[EventCountry "AUT"]
[SourceTitle "CBM 196 Extra"]
[Source "ChessBase"]
[SourceDate "2020.07.31"]
[SourceVersion "1"]
[SourceVersionDate "2020.07.31"]
[SourceQuality "1"]

1. e4 e6 2. d4 d5 3. Nc3 Bb4 4. e5 Ne7 5. a3 Bxc3+ 6. bxc3 c5 7. Qg4 Qc7 8. Ne2 cxd4 9. cxd4 Qxc2 10. g3 Nbc6 11. Bg2 h5 12. Qf3 Qf5 13. Qb3 h4 14. Bd2 hxg3 15. hxg3 Rxh1+ 16. Bxh1 Qg4 17. Bg2 Nxd4 18. Qa4+ Nec6 19. Nxd4 Qxd4 20. Qxd4 Nxd4 21. Rb1 Nc2+ 22. Ke2 Nxa3 23. Bb4 Nxb1 0-1

[Event "AUT-ch"]
[Site "Vienna"]
[Date "2018.07.28"]
[Round "8"]
[White "Kordzadze, Nino"]
[Black "Feit, Florian"]
[Result "1-0"]
[WhiteElo "1966"]
[BlackElo "2012"]
[PlyCount "71"]
[EventDate "2018.07.22"]
[EventType "swiss"]
[EventRounds "9"]
[EventCountry "AUT"]
[SourceTitle "CBM 185 Extra"]
[Source "ChessBase"]
[SourceDate "2018.07.29"]
[SourceVersion "1"]
[SourceVersionDate "2018.07.29"]
[SourceQuality "1"]

1. Nf3 b6 2. d4 e6 3. e4 Bb7 4. Bd3 c5 5. c3 cxd4 6. cxd4 Nf6 7. Nc3 Be7 8. 0-0 0-0 9. Re1 d6 10. d5 exd5 11. exd5 Nbd7 12. Nd4 Re8 13. Nc6 Bxc6 14. dxc6 Ne5 15. Bb5 Qc7 16. Bf4 a6 17. Be2 Nxc6 18. Rc1 Qd7 19. Na4 Rab8 20. Bf3 Nb4 21. Rxe7 Rxe7 22. Bxd6 Re1+ 23. Qxe1 Qxd6 24. Rd1 Qf4 25. a3 Nc2 26. Qd2 Qxa4 27. b3 Qxa3 28. Qxc2 Qe7 29. g3 Rd8 30. Rc1 h6 31. Qc6 Qd6 32. Qb7 Qd2 33. Rd1 Qxd1+ 34. Bxd1 Rxd1+ 35. Kg2 Rb1 36. Qc8+ 1-0

[Event "AUT-ch"]
[Site "Vienna"]
[Date "2018.07.27"]
[Round "7"]
[White "Mira, Helene"]
[Black "Kordzadze, Nino"]
[Result "1/2-1/2"]
[WhiteElo "2097"]
[BlackElo "1966"]
[PlyCount "121"]
[EventDate "2018.07.22"]
[EventType "swiss"]
[EventRounds "9"]
[EventCountry "AUT"]
[SourceTitle "CBM 185 Extra"]
[Source "ChessBase"]
[SourceDate "2018.07.29"]
[SourceVersion "1"]
[SourceVersionDate "2018.07.29"]
[SourceQuality "1"]

1. d4 f5 2. g3 e6 3. Bg2 Nf6 4. Nf3 Be7 5. 0-0 0-0 6. c4 d6 7. Nc3 a5 8. Qd3 Nc6 9. e4 e5 10. dxe5 dxe5 11. Qxd8 Rxd8 12. Nd5 Bd6 13. Bg5 Rf8 14. Bxf6 gxf6 15. exf5 Bxf5 16. Nh4 Bd3 17. Rfc1 e4 18. Nf5 Be5 19. Nc3 Rad8 20. Rd1 Bxc3 21. bxc3 Ne5 22. c5 Rfe8 23. Ne3 Nd7 24. Nd5 c6 25. Nf4 Nxc5 26. Rd2 Na4 27. Rc1 c5 28. c4 Rd4 29. Nd5 Kf7 30. Ne3 Nb6 31. Rb2 Nxc4 32. Rxb7+ Kg6 33. Rc7 Re5 34. Bf1 Nxe3 35. fxe3 Rb4 36. Bh3 c4 37. Bd7 Rb2 38. a4 Re2 39. Bg4 Ra2 40. Bd7 Re2 41. Bg4 Rb2 42. Bd7 h5 43. Rc6 Re7 44. Be6 Rb4 45. Bxc4 Rxa4 46. Bxd3 exd3 47. Rf1 Rxe3 48. Rcxf6+ Kg5 49. Kg2 Ra2+ 50. Kh3 Re5 51. Rd6 d2 52. Rf4 a4 53. Rfd4 a3 54. Rxd2 Rb2 55. Rxb2 axb2 56. Rb6 Re2 57. Rb5+ Kf6 58. g4 hxg4+ 59. Kxg4 Rxh2 60. Kf3 Ke6 61. Ke3 1/2-1/2

[Event "AUT-chT (Women) 1718"]
[Site "Austria"]
[Date "2018.01.21"]
[Round "6.1"]
[White "Mayrhuber, Nikola"]
[Black "Kordzadze, Nino"]
[Result "0-1"]
[WhiteElo "2069"]
[BlackElo "1928"]
[PlyCount "62"]
[EventDate "2017.11.24"]
[EventType "team-tourn"]
[EventRounds "9"]
[EventCountry "AUT"]
[SourceTitle "EXT 2019"]
[Source "ChessBase"]
[SourceDate "2018.10.10"]
[SourceVersion "1"]
[SourceVersionDate "2018.10.10"]
[SourceQuality "1"]
[WhiteTeam "Mayrhofen/Zillertal (W)"]
[BlackTeam "Baden (W)"]
[WhiteTeamCountry "AUT"]
[BlackTeamCountry "AUT"]

1. d4 f5 2. g3 e6 3. Bg2 Nf6 4. Nf3 Be7 5. 0-0 0-0 6. c4 d6 7. Nc3 a5 8. Qc2 Nc6 9. a3 e5 10. dxe5 dxe5 11. Rd1 Qe8 12. Nd5 Bd8 13. Nxf6+ Bxf6 14. e4 Qg6 15. Be3 f4 16. gxf4 Bh3 17. Ne1 exf4 18. Bxf4 Bxb2 19. Qxb2 Rxf4 20. Rd3 Bxg2 21. Rg3 Rg4 22. Nxg2 Rxg3 23. hxg3 Re8 24. Qxb7 Ne5 25. Nf4 Qg4 26. Qb5 c6 27. Qb3 g5 28. c5+ Kf8 29. Nd3 Nf3+ 30. Kg2 Qxe4 31. Kf1 Nd2+ 0-1

[Event "AUT-chT (Women) 1718"]
[Site "Austria"]
[Date "2018.01.19"]
[Round "4.2"]
[White "Kordzadze, Nino"]
[Black "Anker, Christin"]
[Result "1-0"]
[WhiteElo "1928"]
[BlackElo "1821"]
[PlyCount "87"]
[EventDate "2017.11.24"]
[EventType "team-tourn"]
[EventRounds "9"]
[EventCountry "AUT"]
[SourceTitle "EXT 2019"]
[Source "ChessBase"]
[SourceDate "2018.10.10"]
[SourceVersion "1"]
[SourceVersionDate "2018.10.10"]
[SourceQuality "1"]
[WhiteTeam "Baden (W)"]
[BlackTeam "Schach ohne Grenzen (W)"]
[WhiteTeamCountry "AUT"]
[BlackTeamCountry "AUT"]

1. Nf3 d5 2. g3 Nf6 3. Bg2 c6 4. b3 Bf5 5. Bb2 e6 6. 0-0 Bd6 7. d3 Nbd7 8. Nbd2 Qc7 9. Re1 Bg4 10. e4 dxe4 11. dxe4 e5 12. Nc4 Bc5 13. c3 Be7 14. Qc2 0-0 15. Ne3 Bc5 16. b4 Bxe3 17. Rxe3 c5 18. b5 c4 19. Ba3 Rfe8 20. Bb4 Nc5 21. Nd2 Be6 22. Bf1 Ncd7 23. Ree1 Rac8 24. a4 Red8 25. a5 h6 26. b6 axb6 27. axb6 Nxb6 28. Ba5 Qd6 29. Red1 Qc5 30. Rdb1 Nfd7 31. Qb2 Qd6 32. Nf3 Rc6 33. Rd1 Qc7 34. Rab1 Ra8 35. Rxd7 Qxd7 36. Bxb6 Qd6 37. Be3 Rb8 38. Nxe5 Qxe5 39. Bf4 Qc5 40. Bxb8 Bg4 41. Bg2 Rc8 42. Bf4 Rd8 43. Be3 Qd6 44. Bd4 1-0

[Event "AUT-ch (Women)"]
[Site "Graz"]
[Date "2017.08.17"]
[Round "6"]
[White "Bernhard, Julia"]
[Black "Kordzadze, Nino"]
[Result "1-0"]
[WhiteElo "1828"]
[BlackElo "1913"]
[PlyCount "49"]
[EventDate "2017.08.12"]
[EventType "swiss"]
[EventRounds "9"]
[EventCountry "AUT"]
[SourceTitle "CBM 180 Extra"]
[Source "ChessBase"]
[SourceDate "2017.10.06"]
[SourceVersion "1"]
[SourceVersionDate "2017.10.06"]
[SourceQuality "1"]

1. e4 g6 2. d4 Bg7 3. Bc4 d6 4. Be3 Nf6 5. Nd2 0-0 6. c3 d5 7. exd5 Nxd5 8. Ngf3 Nxe3 9. fxe3 a6 10. 0-0 b5 11. Bb3 c5 12. Qe2 Bb7 13. dxc5 Nd7 14. Ng5 Nf6 15. e4 e5 16. Ndf3 Qe7 17. Nxf7 Bxe4 18. Nd6+ Bd5 19. Bxd5+ Nxd5 20. Qe4 Nc7 21. Rae1 Rf4 22. Qxf4 Ne6 23. Qe4 Rd8 24. Qd5 Kh8 25. Nxe5 1-0